000
00304nam a2200121Ia 4500
008
090123s9999 xx 000 0 und d
082
_b
30837
245
_a
अकबर बिरबल
250
_a
0
630
_a
अकबर बिरबल
730
_a
अकबर बिरबल
942
_c
BOOK
999
_c
67717
_d
67717